La Cueva II de la Mostela (Barcelona) / por J. de C. Serra-Ràfols
Descripción Física:
p. 373-388 : amb làm. ; 27 cm
Colección:
Monografías ; 17
MARC
| LEADER | 00000nam a2200000Ia 4500 | ||
|---|---|---|---|
| 001 | 7786 | ||
| 008 | 160829s1965 xx 000 0 cat d | ||
| 080 | |a FU-21-10 | ||
| 100 | |a Serra-Ràfols, Josep de C. |9 30327 | ||
| 245 | |a La Cueva II de la Mostela (Barcelona) / por J. de C. Serra-Ràfols | ||
| 260 | |a Barcelona : |b Diputación. Instituto de Prehistoria y Arqueología, |c 1965 | ||
| 300 | |a p. 373-388 : |b amb làm. ; |c 27 cm | ||
| 490 | |a Monografías ; 17 | ||
| 590 | |a Separata de: Miscelanea en Homenaje al Abate Henri Breuil, tomo II | ||
| 650 | |a Mostela II, Cau de la (Barcelona, Província) |9 32395 | ||
| 650 | |a Excavacions arqueològiques |x Barcelona (Província) |9 32396 | ||
| 651 | 0 | |a Barcelona (Catalunya : Província) |x Arqueologia |9 56115 | |
| 710 | 2 | |a Instituto de Prehistoria y Arqueología (Barcelona, Catalunya) |9 54255 | |
| 901 | |a Arxiu | ||
| 942 | |n 1 |2 udc | ||
| 952 | |0 0 |1 0 |4 0 |6 FU2110 |7 1 |9 45969 |a Arxiu |b Arxiu |d 2016-12-01 |l 0 |o FU-21-10 |p 7786 |r 2016-12-01 00:00:00 |w 2016-12-01 |y ARXIU | ||
| 999 | |c 49470 |d 49470 | ||